Entry Topical Term
Number of records used in: 1
001 - CONTROL NUMBER
003 - CONTROL NUMBER IDENTIFIER
005 - DATE AND TIME OF LATEST TRANSACTION
- control field:
20230125160806.0
008 - FIXED-LENGTH DATA ELEMENTS
- fixed length control field:
230125|| aca||aabn | a|a d
040 ## - CATALOGING SOURCE
- Original cataloging agency:
OSt
- Transcribing agency:
OSt
150 ## - HEADING--TOPICAL TERM
- Topical term or geographic name as entry element:
PHARMAACY
- General subdivision:
D.PHARMA
670 ## - SOURCE DATA FOUND
- Source citation:
Work cat.: (OSt)8215: JAIN ,VIPUL H., AHIRRAO, Dr. R.A AND OTHERS 7492, PRACTICAL PHARMACEUTICAL MICROBIOLOGY, 2023-2024